[Event "TUR-ch"]
[Site "Antalya"]
[Date "2013.02.07"]
[Round "8"]
[White "Gulsoy, Mustafa Alpago"]
[Black "Benzetsel, Ekim"]
[Result "0-1"]
[WhiteElo "1664"]
[BlackElo "1848"]
[PlyCount "70"]
[EventDate "2013.02.02"]
[EventType "swiss"]
[EventRounds "11"]
[EventCountry "TUR"]
[SourceTitle "CBM 152 Extra"]
[Source "ChessBase"]
[SourceDate "2013.02.25"]
[SourceVersion "1"]
[SourceVersionDate "2013.02.25"]
[SourceQuality "1"]

1. d4 Nf6 2. Nf3 e6 3. g3 d5 4. Bg2 Be7 5. c4 0-0 6. 0-0 dxc4 7. Qc2 a6 8. a4 Bd7 9. Nbd2 Bc6 10. Nxc4 Be4 11. Qd1 Nc6 12. Nce5 Nxe5 13. Nxe5 Bxg2 14. Kxg2 Qd5+ 15. Nf3 Rfd8 16. Bf4 Rac8 17. Rc1 Qa5 18. Qb3 b5 19. axb5 axb5 20. Ne5 c5 21. dxc5 Bxc5 22. Rc2 b4 23. Rfc1 Nd5 24. Nd3 Nxf4+ 25. gxf4 Qa8+ 26. Kg1 Bf8 27. Nxb4 Rb8 28. Rc4 Qb7 29. f5 Bxb4 30. fxe6 fxe6 31. Rc7 Qd5 32. Qg3 Bf8 33. R1c5 Qe4 34. Rc1 Rxb2 35. Qf3 Qxf3 0-1

[Event "TUR-ch"]
[Site "Antalya"]
[Date "2013.02.03"]
[Round "3"]
[White "Benzetsel, Ekim"]
[Black "Turkmen, Huseyin Nafizhan"]
[Result "1/2-1/2"]
[WhiteElo "1848"]
[BlackElo "1651"]
[PlyCount "51"]
[EventDate "2013.02.02"]
[EventType "swiss"]
[EventRounds "11"]
[EventCountry "TUR"]
[SourceTitle "CBM 152 Extra"]
[Source "ChessBase"]
[SourceDate "2013.02.25"]
[SourceVersion "1"]
[SourceVersionDate "2013.02.25"]
[SourceQuality "1"]

1. e4 e5 2. Nf3 d6 3. d4 Nf6 4. Nc3 exd4 5. Nxd4 Be7 6. Be2 0-0 7. 0-0 a6 8. a4 c5 9. Nf3 b6 10. Qd3 Nc6 11. Bf4 Bb7 12. Rad1 Nb4 13. Qc4 b5 14. axb5 axb5 15. Nxb5 Nxe4 16. c3 d5 17. Qb3 c4 18. Bxc4 Nc5 19. Qxb4 Ra4 20. Bxd5 Bxd5 21. Qxa4 Nxa4 22. c4 Bxc4 23. Rxd8 Rxd8 24. Re1 Bb4 25. Nc3 Nxb2 26. Bd2 1/2-1/2

[Event "ALG-TUR"]
[Site "Algiers"]
[Date "2012.12.31"]
[Round "8.1"]
[White "Nassr, Ali"]
[Black "Benzetsel, Ekim"]
[Result "0-1"]
[WhiteElo "2064"]
[BlackElo "1841"]
[PlyCount "84"]
[EventDate "2012.12.23"]
[EventType "team-schev"]
[EventRounds "8"]
[EventCountry "ALG"]
[SourceTitle "CBM 152 Extra"]
[Source "ChessBase"]
[SourceDate "2013.02.25"]
[SourceVersion "1"]
[SourceVersionDate "2013.02.25"]
[SourceQuality "1"]
[WhiteTeam "Algeria"]
[BlackTeam "Turkey"]
[WhiteTeamCountry "ALG"]
[BlackTeamCountry "TUR"]

1. e4 c5 2. c3 g6 3. Nf3 Bg7 4. d4 cxd4 5. cxd4 d5 6. e5 Bg4 7. Nc3 Nc6 8. Be2 Nh6 9. h3 Bxf3 10. Bxf3 e6 11. 0-0 Nf5 12. Be3 0-0 13. Bg4 Nce7 14. Qd2 f6 15. f4 Rc8 16. Rac1 Bh6 17. exf6 Rxf6 18. Bxf5 exf5 19. Bf2 Re6 20. Bh4 Rcc6 21. Rce1 Rcd6 22. Re2 Bf8 23. Rfe1 Qd7 24. b3 Kf7 25. Na4 b6 26. Nc3 Rxe2 27. Qxe2 Nc6 28. Nb5 Re6 29. Qxe6+ Qxe6 30. Rxe6 Kxe6 31. Nc7+ Kd6 32. Nb5+ Kd7 33. Bf6 Bb4 34. a3 Bd2 35. Be5 a6 36. Nd6 Nxe5 37. fxe5 Be3+ 38. Kf1 Bxd4 39. Nf7 Ke6 40. Ng5+ Kxe5 41. Nxh7 Bc5 42. Ng5 Bxa3 0-1

[Event "ALG-TUR"]
[Site "Algiers"]
[Date "2012.12.23"]
[Round "1.4"]
[White "Benzetsel, Ekim"]
[Black "Ouaret, Abdelouhab"]
[Result "0-1"]
[WhiteElo "1841"]
[BlackElo "1807"]
[PlyCount "52"]
[EventDate "2012.12.23"]
[EventType "team-schev"]
[EventRounds "8"]
[EventCountry "ALG"]
[SourceTitle "CBM 152 Extra"]
[Source "ChessBase"]
[SourceDate "2013.02.25"]
[SourceVersion "1"]
[SourceVersionDate "2013.02.25"]
[SourceQuality "1"]
[WhiteTeam "Turkey"]
[BlackTeam "Algeria"]
[WhiteTeamCountry "TUR"]
[BlackTeamCountry "ALG"]

1. e4 e5 2. Nf3 Nc6 3. Bb5 a6 4. Ba4 Nf6 5. 0-0 b5 6. Bb3 Bc5 7. Nxe5 Nxe5 8. d4 Bxd4 9. Qxd4 d6 10. c3 0-0 11. Bg5 h6 12. Bh4 c5 13. Qd1 Ng6 14. Bxf6 Qxf6 15. Re1 Ne5 16. f3 Qg6 17. Kh1 Kh8 18. Qe2 f5 19. Bd5 Rb8 20. f4 Ng4 21. e5 dxe5 22. fxe5 Re8 23. e6 Rb6 24. e7 Qd6 25. g3 Qxd5+ 26. Kg1 Re6 0-1

[Event "World ol U16 11th"]
[Site "Istanbul"]
[Date "2012.09.05"]
[Round "10.15"]
[White "Benzetsel, Ekim"]
[Black "Gorbanovsky, Oleg"]
[Result "0-1"]
[WhiteElo "1838"]
[BlackElo "1968"]
[PlyCount "60"]
[EventDate "2012.08.29"]
[EventType "team-swiss"]
[EventRounds "10"]
[EventCountry "TUR"]
[SourceTitle "CBM 150 Extra"]
[Source "ChessBase"]
[SourceDate "2012.10.19"]
[SourceVersion "1"]
[SourceVersionDate "2012.10.19"]
[SourceQuality "1"]
[WhiteTeam "Turkey White U16"]
[BlackTeam "Moldova (U16)"]
[WhiteTeamCountry "TUR"]
[BlackTeamCountry "MDA"]

1. e4 e5 2. Nf3 Nc6 3. Bb5 a6 4. Ba4 Nf6 5. 0-0 Be7 6. Re1 b5 7. Bb3 d6 8. c3 0-0 9. h3 Nb8 10. d4 Nbd7 11. Nbd2 Bb7 12. Bc2 Re8 13. Nf1 Bf8 14. Ng3 g6 15. Nh2 h5 16. Nf3 c5 17. d5 c4 18. Be3 Qc7 19. Qe2 a5 20. Ng5 Bg7 21. Rad1 Nc5 22. Rf1 Re7 23. f4 exf4 24. Rxf4 Ncd7 25. Rdf1 Rf8 26. Bd4 Bh6 27. Rxf6 Bxg5 28. Nxh5 Bxf6 29. Nxf6+ Nxf6 30. Bxf6 Rfe8 0-1

[Event "World ol U16 11th"]
[Site "Istanbul"]
[Date "2012.09.03"]
[Round "8.13"]
[White "Abdulla, Abdulwahab"]
[Black "Benzetsel, Ekim"]
[Result "0-1"]
[WhiteElo "1784"]
[BlackElo "1838"]
[PlyCount "77"]
[EventDate "2012.08.29"]
[EventType "team-swiss"]
[EventRounds "10"]
[EventCountry "TUR"]
[SourceTitle "CBM 150 Extra"]
[Source "ChessBase"]
[SourceDate "2012.10.19"]
[SourceVersion "1"]
[SourceVersionDate "2012.10.19"]
[SourceQuality "1"]
[WhiteTeam "United Arab Emirates (U16)"]
[BlackTeam "Turkey White U16"]
[WhiteTeamCountry "UAE"]
[BlackTeamCountry "TUR"]

1. e4 e5 2. Nf3 Nc6 3. d4 exd4 4. Nxd4 Bc5 5. Be3 Qf6 6. c3 Nge7 7. Bc4 Ne5 8. Be2 Qg6 9. 0-0 d6 10. Nd2 0-0 11. Bh5 Qf6 12. f4 N5c6 13. N2b3 Bb6 14. g4 Ng6 15. f5 Nge5 16. g5 Qd8 17. h4 Re8 18. Qc2 d5 19. Rae1 dxe4 20. Nxc6 bxc6 21. Bxb6 cxb6 22. Qxe4 Ba6 23. Rd1 Qc7 24. Rfe1 c5 25. Bf3 Nxf3+ 26. Qxf3 Bb7 27. Qf2 Qc6 28. Kh2 Qa4 29. Rxe8+ Rxe8 30. Re1 Rxe1 31. Qxe1 Qf4+ 32. Qg3 Qxf5 33. Qe3 h6 34. gxh6 Qf1 35. Kg3 f5 36. Qg5 f4+ 37. Kg4 Bc8+ 38. Kh5 Qe2+ 39. Kg6 0-1

[Event "TUR-chT"]
[Site "Konya"]
[Date "2011.07.08"]
[Round "12"]
[White "Benzetsel, Ekim"]
[Black "Hasbay, Erim"]
[Result "0-1"]
[WhiteElo "1778"]
[BlackElo "1651"]
[PlyCount "58"]
[EventDate "2011.06.28"]
[EventType "team-swiss"]
[EventRounds "13"]
[EventCountry "TUR"]
[SourceTitle "CBM 143 Extra"]
[Source "ChessBase"]
[SourceDate "2011.08.29"]
[SourceVersion "1"]
[SourceVersionDate "2011.08.29"]
[SourceQuality "1"]
[WhiteTeam "Tarsus Zeka"]
[BlackTeam "Isek Aquamatch"]
[WhiteTeamCountry "TUR"]
[BlackTeamCountry "TUR"]

1. e4 c5 2. Nf3 d6 3. d4 cxd4 4. Nxd4 Nf6 5. Nc3 Nc6 6. Bg5 e6 7. Qd2 a6 8. 0-0-0 Bd7 9. f3 Qa5 10. Bxf6 gxf6 11. Kb1 b5 12. g3 Rc8 13. Nxc6 Rxc6 14. Bh3 Bg7 15. Qf4 Qc7 16. Rhe1 0-0 17. Rd2 Rc8 18. Ree2 f5 19. exf5 Rxc3 20. f6 Bxf6 21. Qxf6 Rc4 22. Bg4 Qc5 23. b3 Rc3 24. h4 h5 25. Bh3 a5 26. Rg2 a4 27. g4 axb3 28. Qh6 bxc2+ 29. Rxc2 Rxc2 0-1

[Event "TUR-chT"]
[Site "Konya"]
[Date "2011.07.02"]
[Round "6"]
[White "Benzetsel, Ekim"]
[Black "Vatansever, Berk"]
[Result "1-0"]
[WhiteElo "1778"]
[BlackElo "1717"]
[PlyCount "97"]
[EventDate "2011.06.28"]
[EventType "team-swiss"]
[EventRounds "13"]
[EventCountry "TUR"]
[SourceTitle "CBM 143 Extra"]
[Source "ChessBase"]
[SourceDate "2011.08.29"]
[SourceVersion "1"]
[SourceVersionDate "2011.08.29"]
[SourceQuality "1"]
[WhiteTeam "Tarsus Zeka"]
[BlackTeam "Bursa Tophane"]
[WhiteTeamCountry "TUR"]
[BlackTeamCountry "TUR"]

1. e4 c6 2. d4 d5 3. exd5 cxd5 4. Bd3 Nc6 5. c3 Qc7 6. Ne2 Bg4 7. f3 Bd7 8. Bf4 e5 9. dxe5 Nxe5 10. Bc2 Bc6 11. 0-0 Bd6 12. Nd4 Ne7 13. Bg3 0-0 14. Nd2 N5g6 15. Bxd6 Qxd6 16. N2b3 Nf4 17. Qd2 Rfe8 18. Rfe1 Neg6 19. Nf5 Qc7 20. Nbd4 Rad8 21. Rad1 Ne6 22. g3 Qb6 23. Bb3 Nxd4 24. Qxd4 Qxd4+ 25. Nxd4 Kf8 26. Kf2 Re5 27. f4 Rxe1 28. Rxe1 Ne7 29. Rd1 Ng8 30. Nc2 b6 31. Nb4 Ne7 32. Nxc6 Nxc6 33. Rxd5 Rxd5 34. Bxd5 Ne7 35. Be4 g6 36. Ke3 Ke8 37. Kd4 f6 38. c4 Kd7 39. b4 Kd6 40. c5+ bxc5+ 41. bxc5+ Kd7 42. g4 h6 43. h4 f5 44. gxf5 gxf5 45. Bd3 Kc6 46. h5 Kd7 47. Ke5 Kc6 48. Bxf5 Kxc5 49. Be4 1-0

[Event "TUR-chT"]
[Site "Konya"]
[Date "2011.06.29"]
[Round "2"]
[White "Sevgi, Volkan"]
[Black "Benzetsel, Ekim"]
[Result "1-0"]
[WhiteElo "1912"]
[BlackElo "1778"]
[PlyCount "113"]
[EventDate "2011.06.28"]
[EventType "team-swiss"]
[EventRounds "13"]
[EventCountry "TUR"]
[SourceTitle "CBM 143 Extra"]
[Source "ChessBase"]
[SourceDate "2011.08.29"]
[SourceVersion "1"]
[SourceVersionDate "2011.08.29"]
[SourceQuality "1"]
[WhiteTeam "Mersin Ezgi"]
[BlackTeam "Tarsus Zeka"]
[WhiteTeamCountry "TUR"]
[BlackTeamCountry "TUR"]

1. e4 c5 2. c3 g6 3. Nf3 Bg7 4. d4 cxd4 5. cxd4 d5 6. exd5 Nf6 7. Qa4+ Bd7 8. Qb3 Qb6 9. Qxb6 axb6 10. Nc3 0-0 11. Bf4 Na6 12. Bxa6 bxa6 13. 0-0 Bg4 14. Ne5 Rfe8 15. Bg5 Bf5 16. Rfe1 b5 17. Nc6 Kf8 18. Bf4 Nh5 19. Bc7 Bf6 20. d6 exd6 21. Bxd6+ Kg8 22. Nd5 Bd7 23. Ne5 Bxe5 24. dxe5 Ra7 25. g3 Bc6 26. Nb4 Ba8 27. Rac1 Ng7 28. f4 Ne6 29. Red1 Bf3 30. Rd2 Raa8 31. Kf2 Bb7 32. Ke3 Rac8 33. Rdc2 Rcd8 34. Kf2 h5 35. Nc6 Rd7 36. h3 Kg7 37. Na5 Bd5 38. Rd2 Ba8 39. Nb3 Red8 40. Rcd1 Kg8 41. Ke3 Rc8 42. Na5 h4 43. g4 g5 44. f5 Nf4 45. e6 fxe6 46. Bxf4 gxf4+ 47. Kxf4 e5+ 48. Kxe5 Re8+ 49. Kf4 Re4+ 50. Kg5 Rg7+ 51. Kxh4 Rh7+ 52. Kg3 Re3+ 53. Kf2 Rf3+ 54. Ke1 Rhxh3 55. Rd8+ Kg7 56. Rxa8 Rh2 57. Rd2 1-0

[Event "TUR-chT"]
[Site "Konya"]
[Date "2011.06.28"]
[Round "1"]
[White "Benzetsel, Ekim"]
[Black "Yurtseven, Melih"]
[Result "0-1"]
[WhiteElo "1778"]
[BlackElo "2050"]
[PlyCount "76"]
[EventDate "2011.06.28"]
[EventType "team-swiss"]
[EventRounds "13"]
[EventCountry "TUR"]
[SourceTitle "CBM 143 Extra"]
[Source "ChessBase"]
[SourceDate "2011.08.29"]
[SourceVersion "1"]
[SourceVersionDate "2011.08.29"]
[SourceQuality "1"]
[WhiteTeam "Tarsus Zeka"]
[BlackTeam "Yapi Kredi"]
[WhiteTeamCountry "TUR"]
[BlackTeamCountry "TUR"]

1. e4 c5 2. Nf3 d6 3. d4 cxd4 4. Nxd4 Nf6 5. Nc3 a6 6. Be3 e6 7. Qd2 b5 8. f3 Nbd7 9. 0-0-0 Bb7 10. g4 Nb6 11. g5 Nfd7 12. Bd3 Rc8 13. Kb1 Ne5 14. Qe1 b4 15. Nce2 d5 16. Qg3 Nbc4 17. Bf4 Ng6 18. e5 Qc7 19. Qh3 Nxf4 20. Nxf4 g6 21. Nxg6 fxg6 22. Bxg6+ hxg6 23. Qxh8 Qxe5 24. Qxe5 Nxe5 25. Rhe1 Nd7 26. Nxe6 Kf7 27. Nf4 Rc5 28. Re6 Rc6 29. Rxc6 Bxc6 30. Nxd5 Bc5 31. c3 bxc3 32. Nxc3 Be7 33. f4 Nb6 34. Kc2 Nc4 35. Kb3 Ne3 36. Rd3 Nf5 37. Ne2 Bb5 38. Rd2 Nd4+ 0-1

[Event "World ol U16 09th"]
[Site "Burdur"]
[Date "2010.12.02"]
[Round "7"]
[White "Benzetsel, Ekim"]
[Black "Ulyanovskyy, Vladimir Viktorovic"]
[Result "1-0"]
[WhiteElo "1755"]
[BlackElo "2024"]
[PlyCount "51"]
[EventDate "2010.11.27"]
[EventType "team-swiss"]
[EventRounds "10"]
[EventCountry "TUR"]
[SourceTitle "CBM 139 Extra"]
[Source "ChessBase"]
[SourceDate "2011.01.05"]
[SourceVersion "1"]
[SourceVersionDate "2011.01.05"]
[SourceQuality "1"]
[WhiteTeam "Turkey Turquaz"]
[BlackTeam "Portugal"]
[WhiteTeamCountry "TUR"]
[BlackTeamCountry "POR"]

1. e4 c5 2. Nf3 Nc6 3. d4 cxd4 4. Nxd4 g6 5. Nc3 Bg7 6. Be3 d6 7. f3 Nf6 8. Qd2 Bd7 9. Bc4 a6 10. 0-0-0 b5 11. Bb3 Rc8 12. Kb1 Na5 13. Bh6 0-0 14. h4 Nc4 15. Bxc4 Rxc4 16. Bxg7 Kxg7 17. h5 Rg8 18. Nd5 Nxd5 19. exd5 f6 20. hxg6 hxg6 21. Rde1 Rc7 22. Qh6+ Kf7 23. Ne6 Bxe6 24. dxe6+ Ke8 25. Qh7 Rf8 26. Qxg6+ 1-0

[Event "TUR-chT"]
[Site "Konya"]
[Date "2010.07.05"]
[Round "8"]
[White "Serin, Sarper"]
[Black "Benzetsel, Ekim"]
[Result "1-0"]
[WhiteElo "1719"]
[BlackElo "1770"]
[PlyCount "45"]
[EventDate "2010.06.29"]
[EventType "team-tourn"]
[EventRounds "13"]
[EventCountry "TUR"]
[SourceTitle "CBM 137 Extra"]
[Source "ChessBase"]
[SourceDate "2010.09.01"]
[SourceVersion "1"]
[SourceVersionDate "2010.09.01"]
[SourceQuality "1"]

1. d4 Nf6 2. Nc3 d5 3. Bg5 c5 4. e4 dxe4 5. dxc5 Bf5 6. Qxd8+ Kxd8 7. 0-0-0+ Nbd7 8. Bb5 Rc8 9. b4 a5 10. a3 axb4 11. axb4 h6 12. Bf4 Ra8 13. Nge2 Kc8 14. Na4 g5 15. Bg3 Bg7 16. Nec3 Be6 17. c6 bxc6 18. Bxc6 Ra7 19. b5 Rb7 20. Rhe1 Nh5 21. Bxb7+ Kxb7 22. Rxe4 Nhf6 23. Re3 1-0

[Event "Wch U12"]
[Site "Kemer"]
[Date "2009.11.19"]
[Round "8"]
[White "Benzetsel, Ekim"]
[Black "Terzi, Alexei"]
[Result "1/2-1/2"]
[WhiteElo "1744"]
[BlackElo "1831"]
[PlyCount "107"]
[EventDate "2009.11.12"]
[EventType "swiss"]
[EventRounds "11"]
[EventCountry "TUR"]
[SourceTitle "EXT 2010"]
[Source "ChessBase"]
[SourceDate "2010.11.25"]
[SourceVersion "1"]
[SourceVersionDate "2010.11.25"]
[SourceQuality "1"]

1. e4 e6 2. d4 d5 3. Nc3 Bb4 4. e5 Ne7 5. Bd2 Nf5 6. Bd3 0-0 7. Nce2 Be7 8. Bxf5 exf5 9. Nf3 Be6 10. h4 h6 11. g3 Nd7 12. Nf4 Nb6 13. 0-0 Nc4 14. b3 Na3 15. Bc1 c6 16. Bxa3 Bxa3 17. Qd3 Qa5 18. Rad1 b5 19. c3 Be7 20. Rd2 Rab8 21. Rc1 Rb7 22. Kg2 Rfb8 23. Ng1 Qa3 24. Rcc2 Bd8 25. Nge2 Qf8 26. b4 g5 27. hxg5 hxg5 28. Nh3 Qh6 29. Rd1 f4 30. gxf4 g4 31. Ng5 Bxg5 32. fxg5 Qxg5 33. Ng3 f5 34. exf6 Qxf6 35. Rh1 Rf8 36. Kg1 Rff7 37. Nh5 Qg5 38. Qe2 Rbe7 39. Qd2 Qxd2 40. Rxd2 Rf3 41. Re2 Rxc3 42. Nf4 Rc1+ 43. Kg2 Rxh1 44. Kxh1 Rh7+ 45. Kg2 Bd7 46. Ng6 Rh3 47. Re7 Bf5 48. Ne5 Ra3 49. Nxc6 Be4+ 50. Kf1 Rxa2 51. Rxa7 Rc2 52. Ne5 Bf3 53. Kg1 Rb2 54. Nc6 1/2-1/2

[Event "Akhisar Manisa ol U16"]
[Site "Akhisar Manisa"]
[Date "2009.09.30"]
[Round "7"]
[White "Kalogiannidis, Ioannis"]
[Black "Benzetsel, Ekim"]
[Result "1-0"]
[WhiteElo "2038"]
[BlackElo "1769"]
[PlyCount "71"]
[EventDate "2009.09.25"]
[EventType "team-swiss"]
[EventRounds "10"]
[EventCountry "TUR"]
[SourceTitle "CBM 132 Extra"]
[Source "ChessBase"]
[SourceDate "2009.11.03"]
[SourceVersion "1"]
[SourceVersionDate "2009.11.03"]
[SourceQuality "1"]

1. e4 e5 2. Nf3 Nc6 3. Bb5 a6 4. Ba4 d6 5. 0-0 Bd7 6. c3 g6 7. h3 Bg7 8. d4 Nf6 9. Re1 0-0 10. Bg5 Re8 11. dxe5 dxe5 12. Nbd2 Qe7 13. Qe2 Rad8 14. Bc2 Bc8 15. Nc4 h6 16. Bxf6 Bxf6 17. Ne3 Be6 18. Ba4 Qc5 19. Bb3 Bg7 20. Red1 b5 21. Bxe6 Rxe6 22. Nd5 Ne7 23. Nf6+ Bxf6 24. Rxd8+ Kg7 25. Rad1 b4 26. cxb4 Qxb4 27. Rc1 Rb6 28. Rxc7 Qxb2 29. Qxb2 Rxb2 30. Rd2 Rb6 31. g3 Re6 32. a4 Nc6 33. Rdd7 Nd8 34. Ra7 h5 35. Kg2 Kg8 36. Ra8 1-0